| 000 | 01027nam a2200253Ia 4500 | ||
|---|---|---|---|
| 999 |
_c37863 _d37863 |
||
| 001 | 3841 | ||
| 003 | GE_BSU | ||
| 005 | 20190821151013.0 | ||
| 008 | 181216s1975||||ge |||||||||||||| ||geo|| | ||
| 040 | _cGE_BSU | ||
| 041 | _ageo | ||
| 080 | _a1(479.22)(092) კ–65 | ||
| 100 |
_aკოდუა, ედუარდ _9985 |
||
| 245 |
_aსერგი დანელია / _cრედ. ნ. ნათაძე; ფილოსოფიის ინ-ტი. |
||
| 264 |
_aთბ. : _bმეცნიერება, _c1975. |
||
| 300 |
_a148 გვ. _b21 სმ. |
||
| 504 | _aსერგი დანელიას ნაშრომთა ბიბლიოგრაფია: გვ. 140-147 | ||
| 520 | _aრეზ. რუს. და გერმ. ენ. | ||
| 541 | _h1 ლ. | ||
| 600 |
_aდანელია სერგი _9753 |
||
| 653 | _aქართველი ფილოსოფოსები | ||
| 700 |
_aნათაძე, ნ. _eრედაქტორი _93704 |
||
| 942 |
_cBK _2udc |
||